Rulers of Crete - Statistics

General Stats
  • This quiz has been taken 38 times
  • The average score is 8 of 10
Answer Stats
Year Ruler % Correct
961 - 1204 Byzantine Empire
100%
1945 - Present Greece
100%
1669 - 1898 Ottoman Empire
100%
1941 - 1945 Nazi Germany
94%
69 BCE - 330 Roman Empire
94%
1204 - 1669 Venice
82%
1898 - 1913 Cretan State
68%
3500 BCE - 1450 BCE Minoan Civilization
68%
1450 BCE - 1100 BCE Mycenaean Civilization
47%
824/827 - 961 Al-Andalus
18%
No matching quizzes found
Score Distribution
Percent of People with Each Score
Percentile by Number Answered
Your Score History
You have not taken this quiz